000 00248nam a2200097Ia 4500
001 799256
005 20250826170843.0
008 250824s9999 xx 000 0 und d
245 0 _aABDÜLHAMİD İN KURTLARLA DANSI
_cMUSTAFA ARMAĞAN
260 _bKETEBE
999 _c799256
_d799256